| 000 | 00914nam0a22002411 4500 | ||
|---|---|---|---|
| 001 | rc\1028756 | ||
| 005 | 20250622083526.0 | ||
| 035 | _a(NLR Aleph) 006192667 | ||
| 090 |
_a6182845 _c6182845 |
||
| 100 | _a20041129d1981 |||y0rusy50 ca | ||
| 101 | 0 | _arus | |
| 102 | _aRU | ||
| 105 | _aa ||||||||| | ||
| 200 | 1 |
_aСтроительство и ремонт одноэтажных домов _f[Инженеры М. Дедек, Д. Долань, инж.-архитектор В. Гаек (руководитель коллектива) и др.] _gПер. со словац. Р.Н. Горской |
|
| 210 |
_aМ. _cСтройиздат _d1981 |
||
| 215 |
_a296 с. _cил. _d23 |
||
| 300 | _aПеревод изд.: Upravy a opravy domu (Bratislava, 1978) | ||
| 701 | 1 |
_aДедек _bМ. _gМилонь |
|
| 801 | 0 |
_aRU _bNLR _gpsbo |
|
| 801 | 1 |
_aRU _bELAR _2rusmarc |
|
| 852 |
_aNLR _j82-5/2443 |
||
| 942 | _cBOOK | ||
| 980 | _aNB | ||